Responses for Show #5611 - Monday, January 19, 2009

Matt Kohlstedt game 1.
First game in which reigning champion did not return.

Contestants

[<< previous game]

Matt Kohlstedt, a graduate student originally from La Grange, Illinois

Lori Karman, a marketing consultant from Farmingdale, New York

Michele Lee Amundsen, a freelance editor and writer originally from Rochester, Minnesota

[next game >>]

Jeopardy! Round responses

SCIENCE FICTION
MOVIE TITLES!
WHICH IS TALLEST?
POTENT POTABLES
THE DARK SIDE OF COMMERCIAL MASCOTS
"TRI" ME
    $200 26
The Time Machine

Matt
    $200 8
(Matt: What is Oliver Twist?)

Oliver!

LoriMatt
    $200 13
Yao (Ming)

Matt
    $200 1
(Matt: What is rum?)

a Collins

Michele LeeMatt
    $200 19
Kool-Aid

Matt
    $200 6
a trifocal

Michele Lee
    $400 27
Jules Verne

Lori
    $400 9
Mamma Mia!

Matt
    $400 14
(Michele Lee: Giant sequoia? What is the giant sequoia?)

coast redwood

Michele LeeMatt
    $400 2
grapefruit

Michele Lee
    $400 20
drum

Matt
    $400 7
triglycerides

Lori
    $600 28
A Boy and His Dog

Triple Stumper
    $600 10
Oklahoma!

Matt
    $600 15
Clinton

Matt
    $600 3
an onion

Matt
    $600 21
the Hamburglar

Michele Lee
    $600 16
a trident

Matt
    $800 29
(Lori: Who is Heinlein?)

(Isaac) Asimov

LoriMatt
    $800 11
Hello, Dolly!

Triple Stumper
    $800 24
Kilimanjaro

Matt
    $800 4
(Michele Lee: What is a mojito?)

a daiquiri

Michele Lee
Triple Stumper
    $800 22
the puppy

Matt
    $800 17
a tripod

Matt
    $1000 30
The Martian Chronicles

Triple Stumper
    $1000 12
Moulin Rouge!

Michele Lee
    $1000 25
(Michele Lee: What is Chicago's UBS Tower?)

Devils Tower

Michele Lee
Triple Stumper
    $1,000 5
a mint julep

Matt
    $1000 23
the Noid

Matt
    $1000 18
the Triassic

Lori

Scores at the first commercial break (after clue 15):

Michele Lee Lori Matt
$600 $600 $3,400

Scores at the end of the Jeopardy! Round:

Michele Lee Lori Matt
$200 $1,200 $9,000

Double Jeopardy! Round responses

SCIENCE FACT
TV SERIES NARRATORS
BASKETMAKING
YOU GOTTA HAVE ART
HISTORIC NAMES
2-, 3- & 4-LETTER WORDS
    $400 9
carbon dioxide

Lori
    $400 4
Chris Rock

Lori
    $400 22
Longaberger

Triple Stumper
    $400 10
(Auguste) Rodin

Matt
    $400 1
(Lori: Who is Genghis Khan?)
...
(Alex: [*], the other one, yes.)

Kublai Khan

LoriMatt
    $400 17
lo

Michele Lee
    $800 25
the universe

Matt
    $800 5
Jason Lee

Lori
    $800 23
(Matt: What's a cast?)

splints

Matt
Triple Stumper
    $800 11
(Andy) Warhol

Matt
    $800 2
Louis XIV

Matt
    $800 18
a cyst

Michele Lee
    $1200 26
energy

Matt
    $1200 6
Zach Braff

Matt
    $1200 24
(Matt: What is parquet?)

maple

Matt
Triple Stumper
    $3,000 12
(Francisco) Goya

Matt
    $1200 3
(Matt: Who is Stanley?)
...
(Alex: Yes, the other one!)

Livingstone

LoriMatt
    $600 19
ox

Michele Lee
    $1600 27
tungsten

Lori
    $1600 7
Ron Howard

Matt
    $1600 29
coiling

Michele Lee
    $1600 13
Charles I

Lori
    $1600 14
Idi Amin

Lori
    $1600 20
adz(e)

Triple Stumper
    $2000 28
antibodies

Matt
    $2000 8
Michael C. Hall

Triple Stumper
    $2000 30
(Alex: If you were into wooden--woodworking also, you would know all about [*].)

veneers

Triple Stumper
    $2000 16
(Walter) Gropius

Matt
    $2000 15
(Christopher) Wren

Matt
    $2000 21
Ha

Lori

Scores at the end of the Double Jeopardy! Round:

Michele Lee Lori Matt
$3,600 $10,400 $22,000
(lock game)

[wagering suggestions for these scores]

Final Jeopardy! Round responses

INTERNATIONAL ORGANIZATIONS
Michele LeeWhat is the red cross?
$813
LoriWhat is the Red Cross
$600
MattWhat is the Swiss Guard?
$1,000
the Red Cross

Final scores:

Michele Lee Lori Matt
$4,413 $11,000 $21,000
3rd place: $1,000 2nd place: $2,000 New champion: $21,000

Game dynamics:

Coryat scores:

Michele Lee Lori Matt
$4,200 $10,400 $20,200
9 R
(including 1 DD),
3 W
12 R,
2 W
28 R
(including 2 DDs),
5 W

Combined Coryat: $34,800

[game clues] [game scores] [suggest correction]

Game tape date: 2008-11-12
The J! Archive is created by fans, for fans. Scraping, republication, monetization, and malicious use prohibited; this site may use cookies and collect identifying information. See terms. The Jeopardy! game show and all elements thereof, including but not limited to copyright and trademark thereto, are the property of Jeopardy Productions, Inc. and are protected under law. This website is not affiliated with, sponsored by, or operated by Jeopardy Productions, Inc. Join the discussion at JBoard.tv.